Využitie popola vznikajúceho pri spaľovaní komunálneho odpadu v OLO a.s. Bratislava v stavebníctve.

Saved in:
Bibliographic Details
Main Author: Berláková, Katarína (Author)
Other Authors: Smrčková, Eva (Thesis advisor)
Format: Manuscript Book
Language:Slovak
Published: 2021
Subjects:
Online Access:http://is.stuba.sk/zp/portal_zp.pl?podrobnosti=157593
Tags: Add Tag
No Tags, Be the first to tag this record!

MARC

LEADER 00000ntm a22000003a 4500
001 stuzp82528
003 SK-STU
005 20210605210253.6
007 ta
008 150427s2015----xo-----f-mn---000-0-slo-d
040 |a STU  |b slo 
041 0 |a slo 
100 1 |a Berláková, Katarína  |u 042110  |4 aut  |U FCHPT Ústav anorganickej chémie, technológie a materiálov  |T FCHPT Oddelenie anorganických materiálov  |X 76737  |U C2110  |Y 110  |7 76737 
242 0 1 |a Use of municipal solid waste ash in from OLO a.s. Bratislava in civil engineering.  |y eng 
245 1 0 |a Využitie popola vznikajúceho pri spaľovaní komunálneho odpadu v OLO a.s. Bratislava v stavebníctve. 
260 |c 2021 
650 4 |a popolček  |2 slo 
650 4 |a spaľovňa  |2 slo 
650 4 |a stavebníctvo  |2 slo 
650 4 |a fly ash  |2 eng 
650 4 |a waste to energy plant  |2 eng 
650 4 |a civil engineering  |2 eng 
700 1 |a Smrčková, Eva  |u 042110  |k Z1  |4 ths  |U FCHPT Ústav anorganickej chémie, technológie a materiálov  |T FCHPT Oddelenie anorganických materiálov  |X 3313  |U C2110  |Y 110  |7 A000003313 
856 4 |u http://is.stuba.sk/zp/portal_zp.pl?podrobnosti=157593